书目信息 |
| 题名: |
国际工程管理专业英语阅读选编
|
|
| 作者: | 周可荣 主编 | |
| 分册: | ||
| 出版信息: | 北京 中国建筑工业出版社 1997 |
|
| 页数: | 226页 | |
| 开本: | 26cm | |
| 丛书名: | 国际工程管理教学丛书 | |
| 单 册: | ||
| 中图分类: | H319.4:F | |
| 科图分类: | ||
| 主题词: | 对外承包 , 英语 , 对外承包--英语--高等学校--课外读物 | |
| 电子资源: | ||
| ISBN: | 7-112-03255-5 | |
| 000 | 01042nam0 2200301 450 | |
| 000 | 01047nam0 2200301 450 | |
| 000 | 00976nam0 2200277 450 | |
| 000 | 00940nam0 2200265 45 | |
| 005 | 20070516165741.40 | |
| 010 | @a7-112-03255-5@dCNY19.00 | |
| 100 | @a20070311d1997 em y0chiy0120 ea | |
| 101 | 0 | @achi |
| 102 | @aCN@b110000 | |
| 105 | @ay z 000yy | |
| 200 | 1 | @a国际工程管理专业英语阅读选编@Aguo ji gong cheng guan li zhuan ye ying yu yue du xuan bian@dSelected English readings in international project management@f周可荣主编@zeng |
| 210 | @a北京@c中国建筑工业出版社@d1997 | |
| 215 | @a226页@d26cm | |
| 225 | 2 | @a国际工程管理教学丛书 |
| 300 | @a“九五”国家重点图书 | |
| 410 | 0 | @12001 @a国际工程管理教学丛书 |
| 510 | 1 | @aSelected English readings in international project management@zeng |
| 606 | 0 | @a对外承包 |
| 606 | 0 | @a英语 |
| 606 | 0 | @a对外承包@x英语@x高等学校@x课外读物 |
| 690 | @aH319.4:F@v4 | |
| 701 | 0 | @a周可荣@Azhou ke rong@4主编 |
| 801 | 0 | @aCN@bTAOJIN@c20070516 |
| 905 | @a10447@dH319.4:F@e1201 | |
| 国际工程管理专业英语阅读选编=Selected English readings in international project management/周可荣主编.-北京:中国建筑工业出版社,1997 |
| 226页;26cm .-(国际工程管理教学丛书) |
| “九五”国家重点图书 |
| ISBN 7-112-03255-5:CNY19.00 |
| ● |
| 相关链接 |
|
|
|
|
正题名:国际工程管理专业英语阅读选编
索取号:H319.4:F/1201
 
预约/预借
| 序号 | 登录号 | 条形码 | 馆藏地/架位号 | 状态 | 备注 |
| 1 | 0520722 | 205207220 | 第二样本阅览室/ [索取号:H319.4:F/1201] | 在馆 | |
| 2 | 0520723 | 205207239 | 第四借阅区/ [索取号:H319.4:F/1201] | 在馆 | |
| 3 | 0520724 | 205207248 | 第四借阅区/ [索取号:H319.4:F/1201] | 在馆 | |
| 4 | 0520725 | 205207257 | 第四借阅区/ [索取号:H319.4:F/1201] | 在馆 | |
| 5 | 0520726 | 205207266 | 第四借阅区/ [索取号:H319.4:F/1201] | 在馆 | |
| 6 | 0520727 | 205207275 | 第四借阅区/ [索取号:H319.4:F/1201] | 在馆 |